000 00302nam a22001337a 4500
008 170324b xxu||||| |||| 00| 0 eng d
020 _a9788569002734
041 _aeng
080 _25 ED
_a615.83
100 _a8
101 _aSHM
245 _aOCCUPATIONAL THERAPY MANAGER
_cJAKOBS.K
942 _2udc
_cBK
999 _c8579
_d8579